000 01339cab a22002535a 4500
001 L140816
008 071012s2007 xxk f 000 0 eng d
035 _a(Sirsi) u140816
041 0 _aeng
100 1 _aMurrin, Alison
245 0 4 _aThe tenancy deposit scheme
260 _c2007
490 _aLovells Real Estate Quarterly
_vSeptember 2007, 6-8(3)
520 _aDescribes the effects of the Tenancy Deposit Scheme (TDS) on commercial landlords when selling mixed use developments. It is necessary to consider this scheme in a commercial context whenever part of a unit is let on an assured shorthold basis. Deposits may need to be transferred to new owners within the scheme. The departing owner will want to seek assurance from the new landlord that it has protected these under one of the approved schemes. If the deposit is not protected under the TDS the previous landlord may still be liable for its return.
590 _aKA
650 2 4 _aTENANCY DEPOSIT SCHEME (TDS)
650 2 4 _aHOUSING ACT 2004
650 2 4 _aHOUSING ACT 1988 S21
651 4 _aUnited Kingdom
_y
690 _aPROPERTY-RESIDENTIAL PROPERTY-RESIDENTIAL LANDLORD AND TENANT-RESIDENTIAL TENANCIES-ASSURED TENANCIES
690 _aPROPERTY-COMMERCIAL PROPERTY-ACQUISITION AND DISPOSAL OF COMMERCIAL PROPERTY
700 1 _aDockeray, Jane
942 _n0
999 _c79355
_d79355